Statistics for All FIFA 20 players 85+ rated

Click here to take the quiz!

General Stats

  • This quiz has been taken 65 times
  • The average score is 81 of 108

Answer Stats

RankPositionNationRatingAnswer% Correct
1RWArgentina94Messi
100%
2STPortugal93Ronaldo
100%
4CAMBelgium91De Bruyne
98%
3LWBrazil92Neymar
98%
8RWEgypt90Salah
98%
5LWBelgium91Hazard
96%
7CMCroatia90Modric
96%
13STUruguay89Suarez
96%
9CBNetherlands90Van Dijk
96%
17STFrance89Mbappe
94%
6GKSlovenia91Oblak
94%
18STArgentina89Aguero
92%
19CDMSpain89Busquets
92%
14STEngland89Kane
92%
15CDMFrance89Kante
92%
40GKGermany88Neuer
92%
10GKGermany90Ter Stegen
92%
22GKBrazil89Alisson
90%
46RWPortugal87Bernardo Silva
90%
31CAMSpain88David Silva
90%
16STPoland89Lewandowski
90%
26LWSenegal88Mane
90%
24CMFrance88Pogba
90%
12CBSpain89Ramos
90%
45CFSouth Korea87Son
90%
49CBBrazil87Thiago Silva
90%
27STUruguay88Cavani
88%
37GKBrazil88Ederson
88%
39GKFrance88Lloris
88%
95STBelgium85Lukaku
88%
33RWEngland88Sterling
88%
32STGabon88Aubameyang
86%
47STFrance87Benzema
86%
20CBItaly89Chiellini
86%
36GKBelgium88Courtois
86%
23GKSpain89De gea
86%
29CAMDenmark88Eriksen
86%
35CBUruguay88Godin
86%
11CFFrance89Griezmann
86%
56RBGermany86Kimmich
86%
30CMGermany88Kroos
86%
55GKCosta Rica87Navas
86%
34CBSpain88Pique
86%
100CBFrance85Varane
86%
44CDMBrazil87Casemiro
84%
61RWArgentina86Di Maria
84%
57CFBrazil86Firmino
84%
21CBSenegal89Koulibaly
84%
66CFGermany86Muller
84%
58CMBosnia and Herzegovina86Pjanic
84%
41LBSpain87Alba
82%
28CAMArgentina88Dybala
82%
51CBGermany87Hummels
82%
25CAMGermany88Reus
82%
38GKSlovenia88Handanovic
80%
50CFBelgium87Mertens
80%
48CBBelgium87Vertonghen
80%
53CBBelgium87Alderweireld
78%
77RWWales85Bale
78%
69CBItaly86Bonucci
78%
43CDMBrazil87Fernandinho
76%
88CAMColombia85James Rodriguez
76%
59CMCroatia86Rakitic
76%
67LWGermany86Sane
76%
76LBAustria85Alaba
73%
75LBBrazil85Marcelo
73%
91LBScotland85Robertson
73%
68CBFrance86Umtiti
73%
90RBSpain85Carvajal
71%
70STItaly86Immobile
71%
96CBNetherlands85De Ligt
69%
86CDMBrazil85Fabinho
69%
42CMSpain87Thiago
69%
60CMItaly86Verratti
69%
52CFItaly87Insigne
67%
87CDMSpain85Rodri
67%
62LWBrazil86Coutinho
65%
80CMSerbia85Milinkovic-Savic
65%
73GKPoland86Szczesny
65%
89CAMMorocco85Ziyech
65%
84CMNetherlands85De Jong
63%
94STSweden85Ibrahimovic
61%
65CAMSpain86Isco
61%
71CBBrazil86Marquinhos
61%
72CBSlovakia86Skriniar
61%
97CBFrance85Lenglet
59%
74CAMPortugal85Bruno Fernandes
57%
105GKItaly85Donnarumma
57%
82RMSpain85Koke
57%
64STFrance86Lacazette
57%
98STArgentina85Higuain
55%
81LBBrazil85Alex Sandro
53%
99STArgentina85Icardi
53%
103CBGreece85Manolas
53%
102CBGermany85Sule
53%
101CBUruguay85Gimenez
51%
78CDMBelgium85Witsel
51%
92CAMArgentina85Gomez
49%
54CBFrance87Laporte
49%
83CMSpain85Saul
49%
104GKSwitzerland85Burki
45%
85CDMFrance85Matuidi
43%
79CMBrazil85Allan
39%
108GKBrazil85Neto
39%
63CMSpain86Parejo
39%
107GKPortugal85Lopes
35%
93STSpain85Aspas
31%
106GKHungary85Gulasci
31%

Score Distribution

Percentile by Number Answered

Percent of People with Each Score

Your Score History

You have not taken this quiz